000 00641nam a2200205 a 4500
001 000035680
005 20200930074527.0
008 111108s2009 dr a 000 j spa d
020 _a9789945131147
040 _aDO-SdBNP
_bspa
_cBNPHU
082 _aB863.44
_bU27a
100 1 _aUgona, Neide F. de,
_961603
245 1 3 _aLa agujeta entro-metida y otros cuentos /
_cNeide F. de Ugona.
260 _aSanto Domingo :
_bMediabyte,
_c2009.
300 _a391 p. :
_bil. ;
_c22 cm.
590 _aInventariado, 2020/VM
650 4 _aCuentos brasileƱos
_924191
650 4 _aLiteratura brasileƱa
_9823
910 _aValidado. Control de calidad MFF
999 _c35171
_d35171